Southville International School and Colleges
Your cart is empty.
  • Cart
  • Lists
    Public lists Eva Luna New books Lux_list list_1
    Your lists Log in to create your own lists
  • Log in to your account
  • Your cookies
  • Search history
Southville International School and Colleges
  • Advanced search
  • Recent comments
  • Most popular
  • Libraries

Log in to your account

Log in with GOOGLE


If you do not have an external account, but do have a local account, you can still log in:

  1. Home
  2. MARC view: Captain underpants and the perilious plot of Professor Poopypants /
Normal view MARC view ISBD view

Captain underpants and the perilious plot of Professor Poopypants / (Record no. 7987)

[ view plain ]
MARC details
000 -LEADER
fixed length control field 00565nam a22002057a 4500
003 - CONTROL NUMBER IDENTIFIER
control field OSt
005 - DATE AND TIME OF LATEST TRANSACTION
control field 20140310182000.0
008 - FIXED-LENGTH DATA ELEMENTS--GENERAL INFORMATION
fixed length control field 130727t xxu||||| |||| 00| 0 eng d
050 ## - LIBRARY OF CONGRESS CALL NUMBER
Classification number PZ 7
Item number .P639 2000
082 ## - DEWEY DECIMAL CLASSIFICATION NUMBER
Classification number KF
Item number P64c 2000
100 ## - MAIN ENTRY--PERSONAL NAME
Personal name Pilkey, Dav
9 (RLIN) 4983
245 ## - TITLE STATEMENT
Title Captain underpants and the perilious plot of Professor Poopypants /
Statement of responsibility, etc Dav Pilkey.
260 ## - PUBLICATION, DISTRIBUTION, ETC. (IMPRINT)
Place of publication, distribution, etc New York :
Name of publisher, distributor, etc Scholastic,
Date of publication, distribution, etc c2000.
300 ## - PHYSICAL DESCRIPTION
Extent 151 p. ;
Dimensions 20 cm.
541 ## - IMMEDIATE SOURCE OF ACQUISITION NOTE
-- 1
562 ## - COPY AND VERSION IDENTIFICATION NOTE
Number of copies 1
650 ## - SUBJECT ADDED ENTRY--TOPICAL TERM
Topical term or geographic name as entry element Fiction
9 (RLIN) 746
700 ## - ADDED ENTRY--PERSONAL NAME
Personal name Pilkey, Dav
9 (RLIN) 4984
942 ## - ADDED ENTRY ELEMENTS (KOHA)
Source of classification or shelving scheme Library of Congress Classification
Koha item type
Call number prefix
Holdings
Withdrawn status Lost status Source of classification or shelving scheme Damaged status Home library Current library Shelving location Date acquired Total Checkouts Full call number Barcode Date last seen Date checked out Copy number Price effective from Koha item type
    Library of Congress Classification   Luxembourg Library Luxembourg Library Kids Fiction Section 07/27/2013 1 PZ 7 .P639 2000 17067 03/22/2019 03/22/2019 1 07/27/2013 Books

Captain underpants and the perilious plot of Professor Poopypants /

APA

Pilkey D., Pilkey D., . (2000). Captain underpants and the perilious plot of Professor Poopypants. New York: Scholastic.

Chicago

Pilkey Dav, Pilkey Dav, . 2000. Captain underpants and the perilious plot of Professor Poopypants. New York: Scholastic.

Harvard

Pilkey D., Pilkey D., . (2000). Captain underpants and the perilious plot of Professor Poopypants. New York: Scholastic.

MLA

Pilkey Dav, Pilkey Dav, . Captain underpants and the perilious plot of Professor Poopypants. New York: Scholastic. 2000.

  • Place hold
  • Print
  • Cite
  • Add to your cart (remove)
  • Save record
    BIBTEX Dublin Core MARCXML MARC (non-Unicode/MARC-8) MARC (Unicode/UTF-8) MARC (Unicode/UTF-8, Standard) MODS (XML) RIS
  • More searches
    Search for this title in:
    Other Libraries (WorldCat) Other Databases (Google Scholar) Online Stores (Bookfinder.com) Open Library (openlibrary.org)

Exporting to Dublin Core...

SOUTHVILLE LIBRARY

Southville International School and Colleges Library

1281 Tropical Ave. Cor. Luxembourg St., BF Homes International, Las Pinas City

Tel. No. 8256374 / 252358 Loc. 117/146

Powered by Koha